| 000 | 00653nam a22001817a 4500 | ||
|---|---|---|---|
| 999 |
_c14896 _d14896 |
||
| 003 | OSt | ||
| 082 | _2631.587 SWA/DE | ||
| 088 | _aP 366 | ||
| 100 |
_aSWALIHA N _aUTTAM KUMAR SINGH _93983 |
||
| 245 | _aDevelopment of Wireless Sensor Network for Irrigation Control | ||
| 260 |
_aTavanur 2017 _bDepartment of Irrigation and Drainage Engineering |
||
| 300 | _a40 | ||
| 500 | _aDevelopment of Wireless Sensor Network for Irrigation Control | ||
| 520 | _aDevelopment of Wireless Sensor Network for Irrigation Control | ||
| 700 |
_aEr. Vishnu B (Guide) _93355 |
||
| 856 | _uhttps://drive.google.com/open?id=18JCDUQT_csm0puMAO4Fe0_Sb2RvESams | ||
| 942 | _cPR | ||